000 00337nam a2200145Ia 4500
008 150201s2011 xx 000 0 und d
082 _a612.015
_bB2011S
100 _aSHARMA,D.C.
245 _aBIO-CHEMISTRY FOR NURSES
250 _a1ST
260 _bAITBS
_aDELHI
_c2011
300 _a1-398
650 _aBIOCHEMISTRY
942 _2ddc
_cBK
999 _c4580
_d4580